Foundations of differential geometry /
Guardado en:
| Autor Principal: | |
|---|---|
| Otros Autores: | |
| Formato: | Libro |
| Idioma: | English |
| Publicado: |
New York :
Interscience Publishers,
1963-1969.
|
| Series: | Interscience tracts in pure and applied mathematics ;
no. 15, v. 1-2 |
| Etiquetas: |
Agregar Etiqueta
Sin Etiquetas, Sea el primero en etiquetar este registro!
|
| LEADER | 00877nam a22002295a 4500 | ||
|---|---|---|---|
| 001 | MAT.inmabb001464 | ||
| 008 | 031124m19631969nyu######b####001#0#eng#d | ||
| 005 | 20151218172206.0 | ||
| 245 | 1 | 0 | |a Foundations of differential geometry / |c Shoshichi Kobayashi and Katsumi Nomizu. |
| 260 | |a New York : |b Interscience Publishers, |c 1963-1969. | ||
| 300 | |a 2 v. ; |c 24 cm. | ||
| 440 | 0 | |a Interscience tracts in pure and applied mathematics ; |v no. 15, v. 1-2 | |
| 504 | |a Incluye referencias bibliográficas (v. 2, p. 387-454) e índice. | ||
| 510 | 4 | |a MR, |c 27 #2945 |3 (v. 1) | |
| 510 | 4 | |a MR, |c 38 #6501 |3 (v. 2) | |
| 020 | |a 0470496487 (v. 2) | ||
| 100 | 1 | |a Kobayashi, Shoshichi, |d 1932-2012. | |
| 700 | 1 | |a Nomizu, Katsumi, |d 1924- | |
| 084 | |a 53-01 |2 msc2000 | ||
| 010 | |a 63019209 | ||
| 859 | |h 53 |i K75 |p A-1760 |v 1 |3 Vol. 1 |b BIB. MATEMATICA | ||
| 859 | |h 53 |i K75 |p A-4936 |v 2 |3 Vol. 2 |b BIB. MATEMATICA | ||
